The Game of Thrones 'Periodic Table' Quiz Stats

 Plays Quiz Updated Dec 1, 2018

Challenge
Share
Tweet
Score 0/124 Timer 20:00
19 Plays Today
% Correct
Jon
(Snow)
91.6%
Robb
(Stark)
90.7%
Sansa
(Stark)
89.6%
Cersei
(Lannister)
89.4%
Tyrion
(Lannister)
89%
Jaime
(Lannister)
88.7%
Joffrey
(Baratheon)
88.4%
Daenerys
(Targaryen)
88.3%
Bran
(Stark)
85.9%
Arya
(Stark)
85.6%
Khal
(Drogo)
84.7%
Eddison
(Tollett)
84%
Tommen
(Baratheon)
82.9%
Theon
(Greyjoy)
82.6%
Ghost
82.2%
Grey
Wind
82.2%
Catelyn
(Stark)
82.2%
Samwell
(Tarly)
81.8%
Oberyn
(Martell)
80.8%
Viserys
(Targaryen)
80.4%
Margaery
(Tyrell)
80.4%
Lady
80%
Ygritte
80%
Stannis
(Baratheon)
79.8%
Rickon
(Stark)
79.4%
Rhaegar
(Targaryen)
78.2%
(Ned)
Stark
78.2%
Hodor
78%
Littlefinger
78%
Nymeria
78%
Lysa
(Arryn)
78%
Jorah
(Mormont)
77.8%
Yara
(Greyjoy)
77.3%
(Robert)
Baratheon
76.5%
Drogon
76.2%
Renly
(Baratheon)
76.2%
(The)
Night (King)
76%
Shae
74%
Summer
73.7%
Ramsay
(Bolton)
73.5%
Lyanna
(Stark)
73.1%
Loras
(Tyrell)
72.9%
% Correct
Euron
(Greyjoy)
72.8%
Viserion
71%
(Tywin)
Lannister
70.9%
Myrcella
(Baratheon)
70.8%
Shaggydog
70.6%
Olenna
(Tyrell)
70.3%
(The)
Mountain
69.9%
(Roose)
Bolton
69.8%
Gilly
69.8%
(Balon)
Greyjoy
69.3%
(The)
Hound
69.1%
(Edmure)
Tully
68.7%
Jon
Arryn
68.2%
(G.Maester)
Pycelle
67.5%
Jaqen
(H'ghar)
66.8%
Davos
(Seaworth)
66.6%
Varys
66.1%
Podrick
(Payne)
65.6%
Brienne
(of Tarth)
65.2%
Jojen
(Reed)
65%
(Maester)
Aemon
65%
(Hot)
Pie
64.4%
Pyp
64.3%
Qyburn
64.3%
(The) Red
(Woman)
64.3%
(Doran)
Martell
63.2%
(Mace)
Tyrell
62.8%
Kevan
(Lannister)
62.1%
(Jeor)
Mormont
61.9%
(Aerys II)
Targaryen
61.8%
Craster
61.6%
Meera
(Reed)
61.5%
(Nymeria)
Sand
61.3%
Benjen
(Stark)
60%
Osha
59.9%
Rhaegal
59.9%
Ilyn
(Payne)
59.8%
Ellaria
(Sand)
59.1%
Mance
(Rayder)
58.9%
Bronn
57.4%
Gendry
56.3%
Robin
(Arryn)
55.8%
% Correct
Tormund
(Giantsbane)
54.9%
Talisa
(Stark)
54.3%
Daario
(Naharis)
53.7%
(3-Eyed)
Raven
53.3%
Lancel
(Lannister)
52.7%
Shireen
(Baratheon)
52.7%
Wun Wun
52.1%
Syrio
(Forel)
51.6%
(Maester)
Luwin
51.4%
Missandei
51.4%
Alliser
(Thorne)
51.1%
(The)
Blackfish
50.7%
(High)
Sparrow
50.1%
Doreah
49.5%
(Grey)
Worm
49.3%
Olly
49.3%
(Walder)
Frey
47.9%
Obara
(Sand)
47.6%
Selyse
(Baratheon)
46.7%
Grenn
46.6%
Ros
46.3%
Trystane
(Martell)
45.6%
Xaro
(XhoanDaxos)
44.6%
Barristan
(Selmy)
44.4%
Leaf
43.6%
Irri
42.6%
Tyene
(Sand)
41.6%
Mag
(the Mighty)
40.3%
Yoren
39.5%
(Lord)
Beric
39.1%
(Matthos)
Seaworth
37.3%
Thoros
(of Myr)
34.6%
(Meryn)
Trant
32.4%
(Janos)
Slynt
30.6%
(Qhorin)
Halfhand
29.9%
Rast
28.3%
Lord
(of Bones)
25.3%
Rakharo
25.3%
Locke
24.7%
Areo
(Hotah)
24.1%

You're not logged in!

Compare scores with friends on all Sporcle quizzes.
OR
Log In

You Might Also Like...

Show Comments

Extras

Top Quizzes Today


Score Distribution

Your Account Isn't Verified!

In order to create a playlist on Sporcle, you need to verify the email address you used during registration. Go to your Sporcle Settings to finish the process.

Report this User

Report this user for behavior that violates our Community Guidelines.

Details: